02276nam a2200421 a 450000100060000000300090000600500170001500700060003200800390003802000220007702000290009904000220012809200340015024501680018426000400035230000420039249000110043450000450044550505280049065000440101865000450106265000400110765000490114765000440119670000290124070000340126970000300130383000110133391000370134494200120138194500360139395201400142995201510156995600410172095600400176195600360180199900170183700377DO-SdBNP20180309110050.000377091118s2012 dr 2012 000 0 spa d a9789945117288 (7) a9789945116441 (7) Guía aBPMSUbspacBPMSU a372.83bA452s, 7mo. 201210a Sociedad 7 :beducación básica /cAna Iris Almonte Ysiano ... [et al.] ; dirección editorial Obdulia García de Escobar ; editora Margarita Castro Catrain aSanto Domingo :bSantillana,c2012. a2 v. :bil., mapas., retrs. ;c28 cm.1 aInnova aLa biblioteca posee el libro y la guía tUnidad 1.tLa época colonial --tUnidad 2.tÉpoca de revoluciones --tUnidad 3.tEvolución de las Antillas --tUnidad 4.tEntre la colonia y la República --tUnidad 5.tLa economía del siglo XIX --tUnidad 6.tLa fundación de la República --tUnidad 7.tAnexión y Segunda República --tUnidad 8.tIndependentismo y antillanismo --tUnidad 9.tLiberalismo y dictadura --tUnidad 10.tLa cultura del siglo XIX --tUnidad 11.tModernización a fines del siglo XIX --tUnidad 12.tEl espacio en el siglo XIX. 4aCIENCIAS SOCIALESxEDUCACIÓN PRIMARIA 4aCIENCIAS SOCIALESxESTUDIOS Y EJERCICIOS 4aCIENCIAS SOCIALESxLIBROS DE TEXTOS 4aEDUCACIÓN PRIMARIAzREPÚBLICA DOMINICANA 4aCIENCIAS SOCIALESxENSEÑANZA BÁSICA12aAlmonte Ysiano, Ana Iris12aGarcía de Escobar, Obdulia.12aCastro Catrain, Margarita 0aInnova aValidado. Control de calidad MFF 2ddccBK aRemanejado para BNPHU / 2018 BT 00102ddc4070aBPMETbBPMETd2016-05-13eDonaciónl0o372.83 A452s 7mo. 2012 pBPMSU16050336r2016-05-13w2016-05-13yBK 00102ddc40708ESCaBPMETbBPMETd2016-05-13eDonaciónl0o372.83 A452s 7mo. 2012 v.2 GuíapBPMSU16050337r2016-05-13w2016-05-13yBK aYLOCKWARDb10c20150617lBND01h1122 aVMATEOb10c20150617lBMET02h00151 aBTAVÁREZb10c20160513l00377 c10137d10137